Ibrāhīm, abū al-anbiyāʼ. (Record no. 48983)

MARC details
000 -LEADER
fixed length control field 00678cam a22002291 4500
001 - CONTROL NUMBER
control field ne 66001153
003 - CONTROL NUMBER IDENTIFIER
control field DLC
005 - DATE AND TIME OF LATEST TRANSACTION
control field 20260227111824.0
008 - FIXED-LENGTH DATA ELEMENTS--GENERAL INFORMATION
fixed length control field 890306s1965 ua b 000 0 ara
010 ## - LIBRARY OF CONGRESS CONTROL NUMBER
LC control number ne 66001153
025 ## - OVERSEAS ACQUISITION NUMBER
Overseas acquisition number PL480:UAR-7149
035 ## - SYSTEM CONTROL NUMBER
System control number (OCoLC)19301792
040 ## - CATALOGING SOURCE
Original cataloging agency DLC
Transcribing agency WaU
Modifying agency WaU
-- DLC
042 ## - AUTHENTICATION CODE
Authentication code premarc
050 00 - LIBRARY OF CONGRESS CALL NUMBER
Classification number BS580.A3
Item number A6
100 1# - MAIN ENTRY--PERSONAL NAME
Personal name ʻAqqād, ʻAbbās Maḥmūd,
Dates associated with a name 1889-1964.
245 10 - TITLE STATEMENT
Title Ibrāhīm, abū al-anbiyāʼ.
Statement of responsibility, etc. Taʼlīf ʻAbbās Maḥmūd al-ʻAqqād.
260 ## - PUBLICATION, DISTRIBUTION, ETC.
Place of publication, distribution, etc. [al-Qāhirah]
Name of publisher, distributor, etc. Dār al-Hilāl
Date of publication, distribution, etc. [1965]
300 ## - PHYSICAL DESCRIPTION
Extent 206 p.
Dimensions 24 cm.
504 ## - BIBLIOGRAPHY, ETC. NOTE
Bibliography, etc. note Bibliographical footnotes.
600 00 - SUBJECT ADDED ENTRY--PERSONAL NAME
Personal name Abraham
Titles and other words associated with a name (Biblical patriarch)

No items available.

Powered by Koha